| 000 | 00456nam a2200181Ia 4500 | ||
|---|---|---|---|
| 003 | OSt | ||
| 005 | 20230516095229.0 | ||
| 008 | 210210b1913 xxu||||| |||| 00| 0 eng d | ||
| 040 | _cAL | ||
| 041 | _aeng | ||
| 082 | _a335/29 | ||
| 100 |
_aBADEN POWLL (B H) _9104640 |
||
| 245 | _aLand revenue and tenure in British India | ||
| 260 |
_aOxford _bAt the Clarendon Press _c1913 |
||
| 690 |
_aIndian Economics _9104641 |
||
| 906 | _a004372 | ||
| 942 |
_2ddc _cBK |
||
| 999 |
_c124757 _d124757 |
||